| 000 | 00873nam a2200241Ia 4500 | ||
|---|---|---|---|
| 003 | GCL | ||
| 008 | 140319s9999 xx 000 0 ara d | ||
| 040 |
_aGCL / _cGCL |
||
| 082 | 0 | 4 |
_a932.023 _bب ش |
| 100 | 1 | _aبهاءالدين ابراهيم | |
| 245 | 1 | 0 |
_aالشرطة والامن الداخلى فى مصر القديمة / _cبهاءالدين ابراهيم |
| 700 | 1 | _aمحمود ماهر طه | |
| 260 |
_a[S.N] : _bهيئة الاثار المصرية ، _c1986 |
||
| 300 | _a351 ص | ||
| 490 |
_aنحو وعى حضارى معاصر \ سلسلة الثقافة الاثرية والتاريخية _v0 |
||
| 650 | 0 | 4 | _aتاريخ |
| 650 | 0 | 4 | _aمصر القديمة |
| 650 | 0 | 4 | _aالحضارة الفرعونية |
| 650 | 0 | 4 | _aالشرطة |
| 650 | 0 | 4 | _aالاثار الفرعونية |
| 650 | 0 | 4 | _aالحضارة المصرية |
| 942 |
_2ddc _cBK |
||
| 999 |
_c56248 _d56248 |
||